01446nam a2200325 a 4500001001000000003000500010005001700015008004100032010001100073011001100084040000900095090001000104100004800114245019000162260004100352500006000393502010500453590004000558590004000598650003000638650003400668650004500702856007000747901000700817942001000824942000600834999001900840952013300859952012800992000111485CHAP20220329144213.0150512s2015 mx sm |||||||spa d a107947 a108919 cCHAP aTesis1 aHernández Medina, María Eyenith912936110aTres virus que presentan un riesgo potencial para el cultivo de la lechuga (Lactuca sativa L.) ante su establecimiento en Méxicoh[En línea]cpor María Eyenith Hernández Medina. aChapingo, Méx. :bEl autor,c2015. aPara ver el contenido del material haga clic en la liga aTesis (Ing. Agr. Esp. en Parasitología Agricola) -- UACH. Departamento de Parasitología Agricola aE5765TAJb05c20150512lUCH01h1138 aE5765TAJb05c20150512lUCH01h113814aLechugaxCultivo.912577314aLechugaxEnfermedades.96545814aVirus del mosaico de la lechuga.9119955 aFinding aiduhttp://10.13.5.2/tesis/sist111485.pdfzTeclea aquí aBK cTESIS n0 c107947d107947 00102local4051708TESISaBCbBCcPA_TESISd2015-05-12l0oTesisp33724002486322r2019-12-31 00:00:00tc.2w2019-12-31yTESIS 00102local4053708TESISaBCbBCcPA_TESISd2015-05-12l0oTesisp33724002486363r2019-12-31 00:00:00w2019-12-31yTESIS